000 00762nas a2200277 4500
001 BR8603523
003 BR-BrBNA
005 20231205090542.0
007 ta
008 230509b bl.|||p| |||| 00| 00por d
040 _aBR-BrBNA
_bpor
_cBiblioteca Nacional de Agricultura
041 _a(Pt)
072 _aF07
100 1 _aSeguy, L.
100 1 _aKluthcouski, J.
100 1 _aSilva, J.G. da
100 1 _aBlumenschein, F.N.
100 1 _aDall'Acqua, F.M.
245 1 _aTecnicas de preparo do solo
650 _aGRADAGEM
650 _aARADO DE DISCO
650 _aCONSERVACAO DO SOLO
773 0 _tRaizes (Brazil)
_xISSN 0101-0956
_g(Jul 1986), v. 11(120) p. 26-30
_wBR8603523
909 _a202311
_bLúcia
_c55
_dLúcia Elande
942 _2AGRIS
_n0
_cANA
999 _c119254
_d119254